00447nam a2200133 a 4500001000500000005001700005008004100022050002100063245007100084650001500155650001000170999001900180952011400199414020140414131940.0090218s19uu xx 00 eng d aTR 170bT14 2005 aThe tale of the giant turnip :ba book about generosity and greed. aGenerosity aGreed c112590d112590 00104050aMUbMUcTRd2009-02-18eLib. Fundl0oTR 170 T14 2005pM3931r2014-04-14 00:00:00w2014-04-14yBK